MARC

LEADER 00000nam0a2200000 4500
001 249777
005 20231101232514.0
020 |a RU  |b 88-62090 
035 |a (RuTPU)RU\TPU\book\271882 
090 |a 249777 
100 |a 20140207d1988 m y0rusy5003 ca 
101 0 |a rus 
102 |a RU 
105 |a a j 001zy 
200 1 |a Инженерно-психологические аспекты проектирования систем отображения  |e учебное пособие  |f В. М. Гасов, А. И. Коротаев, С. И. Сенькин  |g Московское высшее техническое училище им. Н. Э. Баумана (МВТУ) ; под ред. В. М. Гасова 
210 |a Москва  |c МВТУ  |d 1988 
215 |a 30 с.  |c схем. 
320 |a Библиогр.: с. 28-29. 
606 1 |a Воспроизведения изображений  |2 stltpush  |3 (RuTPU)RU\TPU\subj\3710  |9 32086 
610 1 |a автоматические системы управления 
610 1 |a автоматизация 
610 1 |a информация 
610 1 |a отображение 
610 1 |a светотехнические характеристики 
610 1 |a кодирование 
610 1 |a зрительное восприятие 
610 1 |a проектирование 
610 1 |a учебные пособия 
675 |a 681.327.12(075.8)  |v 3 
700 1 |a Гасов  |b В. М.  |4 070 
701 1 |a Коротаев  |b А. И. 
701 1 |a Сенькин  |b С. И. 
702 1 |a Гасов  |b В. М.  |4 340 
712 0 2 |a Московское высшее техническое училище им. Н. Э. Баумана (МВТУ)  |c (1943-1989)  |2 stltpush  |3 (RuTPU)RU\TPU\col\3064 
801 0 |a RU  |b RuMRKP  |c 19950417  |g psbo 
801 1 |a RU  |b 63413507  |c 20140207 
801 2 |a RU  |b 63413507  |c 20140214  |g RCR 
942 |c BK